Neural nets WIRN10 (Record no. 147987)

MARC details
000 -LEADER
fixed length control field 01722nam a2200361 a 4500
001 - CONTROL NUMBER
control field vtls003238428
003 - CONTROL NUMBER IDENTIFIER
control field MY-SjTCS
005 - DATE AND TIME OF LATEST TRANSACTION
control field 20200226115413.0
006 - FIXED-LENGTH DATA ELEMENTS--ADDITIONAL MATERIAL CHARACTERISTICS
fixed length control field m u
007 - PHYSICAL DESCRIPTION FIXED FIELD--GENERAL INFORMATION
fixed length control field cr cn|||||||||
008 - FIXED-LENGTH DATA ELEMENTS--GENERAL INFORMATION
fixed length control field 120829s2011 dcu sb 001 0 eng d
010 ## - LIBRARY OF CONGRESS CONTROL NUMBER
Canceled/invalid LC control number 2010-941952
020 ## - INTERNATIONAL STANDARD BOOK NUMBER
Canceled/invalid ISBN 9781607506911 (hardcover)
020 ## - INTERNATIONAL STANDARD BOOK NUMBER
Canceled/invalid ISBN 9781607506928 (e-book)
035 ## - SYSTEM CONTROL NUMBER
System control number (OCoLC)710817560
035 ## - SYSTEM CONTROL NUMBER
System control number (CaPaEBR)ebr10460198
039 #9 - LEVEL OF BIBLIOGRAPHIC CONTROL AND CODING DETAIL [OBSOLETE]
-- 201208291106
-- wilmina
040 ## - CATALOGING SOURCE
Original cataloging agency CaPaEBR
Transcribing agency CaPaEBR
050 14 - LIBRARY OF CONGRESS CALL NUMBER
Classification number QA76.87
Item number .I83 2010eb
111 2# - MAIN ENTRY--MEETING NAME
Meeting name or jurisdiction name as entry element Italian Workshop on Neural Nets
Number of part/section/meeting (20th :
Date of meeting or treaty signing 2010 :
Location of meeting Salerno, Italy)
245 10 - TITLE STATEMENT
Title Neural nets WIRN10
Medium [electronic resource] :
Remainder of title proceedings of the 20th Italian Workshop on Neural Nets /
Statement of responsibility, etc. edited by Bruno Apolloni ... [et al.].
260 ## - PUBLICATION, DISTRIBUTION, ETC.
Place of publication, distribution, etc. Washington, D.C. :
Name of publisher, distributor, etc. IOS Press,
Date of publication, distribution, etc. 2011.
300 ## - PHYSICAL DESCRIPTION
Extent ix, 338 p.
490 1# - SERIES STATEMENT
Series statement Frontiers in artificial intelligence and applications. Knowledge-based intelligent engineering systems,
International Standard Serial Number 0922-6389 ;
Volume/sequential designation v. 226
504 ## - BIBLIOGRAPHY, ETC. NOTE
Bibliography, etc. note Includes bibliographical references and indexes.
533 ## - REPRODUCTION NOTE
Type of reproduction Electronic reproduction.
Place of reproduction Palo Alto, Calif. :
Agency responsible for reproduction ebrary,
Date of reproduction 2011.
Note about reproduction Available via World Wide Web.
-- Access may be limited to ebrary affiliated libraries.
650 #0 - SUBJECT ADDED ENTRY--TOPICAL TERM
Topical term or geographic name entry element Neural networks (Computer science)
Form subdivision Congresses.
655 #7 - INDEX TERM--GENRE/FORM
Genre/form data or focus term Electronic books.
Source of term local
700 1# - ADDED ENTRY--PERSONAL NAME
Personal name Apolloni, Bruno,
Dates associated with a name 1946-
710 2# - ADDED ENTRY--CORPORATE NAME
Corporate name or jurisdiction name as entry element ebrary, Inc.
9 (RLIN) 25628
830 #0 - SERIES ADDED ENTRY--UNIFORM TITLE
Uniform title Frontiers in artificial intelligence and applications.
Name of part/section of a work Knowledge-based intelligent engineering systems ;
Volume/sequential designation v. 226.
856 40 - ELECTRONIC LOCATION AND ACCESS
Uniform Resource Identifier https://ezproxy.taylors.edu.my/login?url=http://site.ebrary.com/lib/taylorscollege/Doc?id=10460198
Public note An electronic book accessible through the World Wide Web; click to view
Holdings
Withdrawn status Lost status Damaged status Not for loan Home library Current library Date acquired Total Checkouts Date last seen Price effective from Koha item type
      e-book Taylor's Library-TU Taylor's Library-TU 02/03/2026   02/03/2026 02/03/2026 E-Book